000 00677nam a2200205Ia 4500
003 GCL
008 140319s9999 xx 000 0 ara d
040 _aGCL /
_cGCL
082 0 4 _a327.11
_bب م
100 1 _aبرهان غليون
245 1 0 _aمابعد حرب الخليج او عصر المواجهات الكبرى /
_cبرهان غليون
260 _a[S.N] :
_bمكتبة مدبولى ،
_c1993
300 _a250 ص
490 _aسلسلة حرب الخليج
_v0
650 0 4 _aالعالم العربى
650 0 4 _aالاحوال السياسية
650 0 4 _aحرب الخليج
650 0 4 _aالنظام العالمى الحديث
942 _2ddc
_cBK
999 _c31019
_d31019